000 00946nam0a22002651 4500
001 rc\2712612
005 20230605220530.0
035 _a(NLR Aleph) 009036529
090 _a9523310
_c9523310
100 _a20110915d1934 u y0rusy50 ca
101 0 _arus
102 _aRU
105 _ay z |||a|
200 1 _aНа краю сердца
_eД.-Вост. рассказы
_fП. Кулыгин
210 _a[Хабаровск]
_cДальгиз
_d1934
_e[Владивосток]
_gтипо-лит. им. Волина
215 _a173, [2] с.
_cзаставки
_d18х13 см.
300 _aПереплет и форзац: И. Богряный
700 1 _7ca
_8rus
_aКулыгин
_bП. Г.
_f1906-1938
_gПетр Гаврилович
_9105632
_3RU\NLR\AUTH\77122707
801 0 _aRU
_bNLR
_gpsbo
801 1 _aRU
_bELAR
_2rusmarc
801 2 _aRU
_bNLR
_c20130506
_2rusmarc
852 _aNLR
_j34-2/743
942 _cUNSPEC
980 _aNB